Interactions Access: Grammar / Werner, Patricia K.; Nelson, John P.; Spaventa, Marilynn
Guardat en:
| Format: | Llibre |
|---|---|
| Idioma: | Undetermined |
| Publicat: |
New York, Estados Unidos
McGraw-Hill
2002
|
| Matèries: | |
| Etiquetes: |
Afegir etiqueta
Sense etiquetes, Sigues el primer a etiquetar aquest registre!
|
MARC
| LEADER | 00000nam a2200000Ia 4500 | ||
|---|---|---|---|
| 008 | 170316s9999 xx 000 0 und d | ||
| 090 | |a 415-I I-4.1i | ||
| 245 | |a Interactions Access: Grammar / Werner, Patricia K.; Nelson, John P.; Spaventa, Marilynn | ||
| 260 | |a New York, Estados Unidos | ||
| 260 | |b McGraw-Hill | ||
| 260 | |c 2002 | ||
| 300 | |a 270 páginas | ||
| 650 | |a GRAMÁTICA INGLESA | ||
| 650 | |a EJERCICIOS | ||
| 999 | |c 19403 |d 19403 | ||
| 040 | |a cru BVZT | ||
| 942 | |c 15 D |h 415-I I-4.1i |2 z | ||
